LIBRARY & INFORMATION CENTRE, KCAET, TAVANUR

ONLINE PUBLIC ACCESS CATALOGUE (OPAC)

Maharani Jhansi / (Record no. 3609)

MARC details
000 -LEADER
fixed length control field 00455cam a2200193ua 4500
041 ## - LANGUAGE CODE
Language code of text/sound track or separate title hin
082 ## - DEWEY DECIMAL CLASSIFICATION NUMBER
Classification number 891.54
Item number SHA/MA
100 ## - MAIN ENTRY--AUTHOR NAME
Personal name Shanti, Narayan .
245 ## - TITLE STATEMENT
Title Maharani Jhansi /
250 ## - EDITION STATEMENT
Edition statement 4 /
260 ## - PUBLICATION, DISTRIBUTION, ETC. (IMPRINT)
Place of publication :
Name of publisher Rajpal and Sanch ,
Year of publication 1961.
300 ## - PHYSICAL DESCRIPTION
Number of Pages 271 ; .
942 ## - ADDED ENTRY ELEMENTS (KOHA)
Koha item type Books
Holdings
Withdrawn status Lost status Damaged status Home library Current library Date acquired Full call number Accession Number Koha item type
Withdrawn     KAUAET Sanskrit University 07/04/2012 891.54 2253 Books
Withdrawn     KAUAET Sanskrit University 07/04/2012 891.54 5820 Books
free website counter